000 00755nam a2200265Ia 4500
001 Para_6104
003 CHAP
008 220125s1975 xx 000 0 und d
010 _a204884
040 _cCHAP
090 _aPA FOLLETO 233
110 _aInstituto para el mejoramiento de la producción de azúcar (México)
_959422
245 _aEl cultivo de la caña de azúcar en Tabasco /
_c por IMPA
260 _aMéxico :
_b El instituto
300 _a30 p.
440 _arecomendaciones; 3
_9170821
650 _aCaña de azúcar
_x Tabasco
_918650
901 _aPA FOLLETO 233
902 _aA
905 _a0000001975 a 0000000000 00
910 _a1975
942 _cPARA
942 _cPARA
_d1
999 _c204884
_d204884